UBT Library

The Prop Builder's Mask-Making Handbook (Record no. 57231)

000 -LEADER
fixed length control field 00323nam a22001457a 4500
008 - FIXED-LENGTH DATA ELEMENTS--GENERAL INFORMATION
fixed length control field 210511b ||||| |||| 00| 0 eng d
020 ## - INTERNATIONAL STANDARD BOOK NUMBER
International Standard Book Number 035313700866
041 ## - LANGUAGE CODE
Language code of text/sound track or separate title eng
080 ## - UNIVERSAL DECIMAL CLASSIFICATION NUMBER
Universal Decimal Classification number 7
082 ## - DEWEY DECIMAL CLASSIFICATION NUMBER
Classification number 7
100 ## - Rafti
Rafti 46
101 ## - Shkurtesa
Shkurtesa ART
245 ## - TITLE STATEMENT
Title The Prop Builder's Mask-Making Handbook
Statement of responsibility, etc James,Th
942 ## - ADDED ENTRY ELEMENTS (KOHA)
Source of classification or shelving scheme
Item type Books
Holdings
Withdrawn status Lost status Source of classification or shelving scheme Damaged status Not for loan Collection code Permanent location Current location Shelving location Date acquired Total Checkouts Full call number Barcode Date last seen Price effective from Koha item type
          Koleksioni i përgjithshem UBT - Lipjan UBT - Lipjan Koleksioni i përgjithshem 05/11/2021   7 JAM 002-5000690 05/11/2021 05/11/2021 Books
UBT Library © 2015-2024. All rights reserved University Education for Business and Technology